书目信息 |
| 题名: |
四库全书简明目录
|
|
| 作者: | 永瑢 著 | |
| 分册: | ||
| 出版信息: | 上海 上海古籍出版社 1985 |
|
| 页数: | 964,69页 | |
| 开本: | 19cm | |
| 丛书名: | ||
| 单 册: | ||
| 中图分类: | Z838 | |
| 科图分类: | ||
| 主题词: | 善本--图书目录 | |
| 电子资源: | ||
| ISBN: | ||
| 000 | 00635nam0 2200229 45 | |
| 001 | 0185017513 | |
| 005 | 20070731145611.01 | |
| 010 | @b精装@dCNY5.00 | |
| 100 | @a19951121d1985 em y0chiy0121 ea | |
| 101 | 0 | @achi |
| 102 | @aCN@b310000 | |
| 105 | @ay z 000yy | |
| 200 | 10 | @a四库全书简明目录@Asi ku quan shu jian ming mu lu@f(清)永瑢等著@F(Qing)Yong Rong Deng Zhu |
| 205 | @a新1版 | |
| 210 | @a上海@c上海古籍出版社@d1985 | |
| 215 | @a964,69页@d19cm | |
| 606 | 0 | @a善本@x图书目录 |
| 690 | @aZ838@v3 | |
| 701 | 0 | @a永瑢@4著 |
| 801 | 2 | @aCN@bNLC@c20070731 |
| 801 | 0 | @aCN@b深圳图书馆@c20050508 |
| 905 | @f2@b139511-512@dZ838@e10 | |
| 四库全书简明目录/(清)永瑢等著.-新1版.-上海:上海古籍出版社,1985 |
| 964,69页;19cm |
| ISBN (精装):CNY5.00 |
| ● |
| 相关链接 |
|
|
|
|
正题名:四库全书简明目录
索取号:Z838/10
 
预约/预借
| 序号 | 登录号 | 条形码 | 馆藏地/架位号 | 状态 | 备注 |
| 1 | 0139511 | 001557130 | 密集书库/ [索取号:Z838/10] | 在馆 | |
| 2 | 0139512 | 002029209 | 工具书阅览室/ [索取号:Z838/10] | 在馆 | |
| 3 | 0139513 | 001317042 | 第二样本阅览室/ [索取号:Z838/10] | 在馆 | |
| 4 | 0790454 | 207904543 | 密集书库/ [索取号:Z838/10] | 在馆 |